[Event "Challenge"]
[Site "http://www.queenalice.com/game.php?id=271102"]
[Date "2007.9.13"]
[Round "-"]
[White "hk1960"]
[Black "sapo_montanna"]
[Result "1-0"]
[WhiteElo "974"]
[BlackElo "1425"]

1. e4 e5 2. Nf3 h5 3. Bc4 Qf6 4. Qe2 a5 5. d3 Bc5 6. Bd2 Qg6 7. Nxe5 Qxg2 8.
Nxf7 Qxh1+ 9. Qf1 Bxf2+ 10. Kxf2 Qxh2+ 11. Ke1 Rh7 12. d4 Qh4+ 13. Kd1 Qxe4 14.
Bd3 Qxd4 15. Bxh7 Nh6 16. Nc3 Qg4+ 17. Kc1 Ra6 18. Nd5 Rd6 19. Nxc7+ Ke7 20.
Nxh6 gxh6 21. Bf4 Rd4 22. Bd2 h4 23. Qe1+ Kd6 24. Nb5+ Kd5 25. Nc7+ Kc6 26. Ne8
Qg2 27. Be3 Rg4 28. b3 Qh2 29. Bf5 Rg3 30. Be4+ Kb5 31. Nc7# 1-0

[Event "Challenge"]
[Site "http://www.queenalice.com/game.php?id=271104"]
[Date "2007.9.13"]
[Round "-"]
[White "sapo_montanna"]
[Black "miseriapopular"]
[Result "0-1"]
[WhiteElo "1292"]
[BlackElo "1761"]

1. e3 e5 2. Bc4 Nc6 3. Qf3 Qf6 4. Qd5 Nge7 5. Qc5 Ng6 6. Qb5 a6 7. Qa4 Bc5 8.
Nc3 O-O 9. Ne4 Qe7 10. b3 Ba7 11. h4 b5 12. Qa3 bxc4 13. h5 Nh8 14. bxc4 Qxa3
15. Ng5 Qe7 16. N1h3 Nb4 17. Nf3 Nxc2+ 18. Ke2 Nxa1 19. Nfg5 Bb7 0-1

[Event "Challenge"]
[Site "http://www.queenalice.com/game.php?id=271106"]
[Date "2007.9.13"]
[Round "-"]
[White "ebelote"]
[Black "sapo_montanna"]
[Result "1-0"]
[WhiteElo "1622"]
[BlackElo "1393"]

1. e4 e5 2. Nf3 c6 3. Bc4 Qf6 4. d3 Bc5 5. Bg5 Qg6 6. h4 f6 7. h5 Qxg5 8. Nxg5
fxg5 9. Qf3 b5 10. Qf7+ Kd8 11. Qxg7 Nf6 12. Qxh8+ Ne8 13. Bf7 a5 14. Bxe8 Na6
15. Nc3 Bb4 16. a3 Be7 17. Bg6+ Kc7 18. Qxh7 Kd6 19. Qh8 Nc5 20. h6 Ke6 21. Qg8+
Kd6 22. h7 Bf6 23. Qf7 Ne6 24. Qxf6 c5 25. h8=Q Bb7 26. Qxe5+ Kc6 27. Qhf6 d6
28. Qfxe6 Kb6 29. Q5xd6+ Ka7 30. Rh7 b4 31. Nb5# 1-0

[Event "Challenge"]
[Site "http://www.queenalice.com/game.php?id=274803"]
[Date "2007.9.21"]
[Round "-"]
[White "MariaClara"]
[Black "sapo_montanna"]
[Result "1-0"]
[WhiteElo "1466"]
[BlackElo "1253"]

1. e4 e5 2. Nf3 c6 3. Nxe5 Qb6 4. Bc4 Qd4 5. Qh5 Bc5 6. O-O Qxe4 7. d3 Qd4 8. c3
Qd6 9. Bg5 g6 10. Qf3 f5 11. d4 Bxd4 12. cxd4 Qxd4 13. Re1 Qxb2 14. Nxg6+ Ne7
15. Qe3 Kd8 16. Qxe7+ Kc7 17. Bf4+ 1-0

[Event "Challenge"]
[Site "http://www.queenalice.com/game.php?id=274959"]
[Date "2007.9.21"]
[Round "-"]
[White "sapo_montanna"]
[Black "Pollyanna"]
[Result "0-1"]
[WhiteElo "1328"]
[BlackElo "1342"]

1. e4 e5 2. Bc4 Qe7 3. Nh3 d6 4. Qh5 g6 5. Qf3 Nc6 6. Ng5 f6 7. Nf7 a6 8. Nxh8
Bg7 9. Nf7 h5 10. h3 b5 11. Bb3 a5 12. g4 hxg4 13. hxg4 a4 14. Bd5 Bb7 15. g5
Nd4 16. Qc3 Bxd5 0-1

[Event "Challenge"]
[Site "http://www.queenalice.com/game.php?id=275369"]
[Date "2007.9.21"]
[Round "-"]
[White "FOS2006"]
[Black "sapo_montanna"]
[Result "1-0"]
[WhiteElo "1641"]
[BlackElo "1433"]

1. e4 e5 2. Nf3 c6 3. Nxe5 Bc5 4. Bc4 Qf6 5. Nf3 g5 6. d4 Bb4+ 7. c3 Ba5 8. O-O
Nh6 9. e5 Qf5 10. Bd3 Qg4 11. h3 Qh5 12. Bxg5 Nf5 13. Bxf5 Rg8 14. Bg4 Qg6 15.
h4 h6 16. Bh5 Qf5 17. g4 Qe6 18. Bxh6 Rh8 19. Ng5 Qd5 20. Bxf7+ Qxf7 21. Nxf7
Kxf7 22. g5 d5 23. Qh5+ Ke6 24. Qg6+ Ke7 25. Qg7+ Ke6 26. Qxh8 b5 27. Qxc8+ Kf7
28. Qb7+ Nd7 29. Qxa8 b4 30. Qxa7 Bd8 31. Qxd7+ Be7 32. cxb4 c5 33. bxc5 Kg8 34.
Qxe7 Kh8 35. Qg7# 1-0

[Event "Challenge"]
[Site "http://www.queenalice.com/game.php?id=275375"]
[Date "2007.9.22"]
[Round "-"]
[White "RationalKing"]
[Black "sapo_montanna"]
[Result "1-0"]
[WhiteElo "1950"]
[BlackElo "1424"]

1. e4 e5 2. Nc3 h5 3. f4 exf4 4. Nf3 Rh6 5. d4 b6 6. Bxf4 Re6 7. Bc4 Rf6 8. Bg5
Re6 9. Bxd8 Kxd8 10. Bxe6 dxe6 11. Ne5 f6 12. Ng6 Bb4 13. O-O f5 14. d5 exd5 15.
Qxd5+ Nd7 16. Qxg8+ Nf8 17. Nxf8 Ke7 18. Ng6+ Kf6 19. exf5 Bxf5 20. Qxa8 Kxg6
21. Rxf5 Kxf5 22. Qe4+ Kg5 23. h4+ Kf6 24. Rf1# 1-0

[Event "Challenge"]
[Site "http://www.queenalice.com/game.php?id=277557"]
[Date "2007.9.26"]
[Round "-"]
[White "Dani"]
[Black "sapo_montanna"]
[Result "1-0"]
[WhiteElo "1220"]
[BlackElo "1271"]

1. e4 e5 2. d3 Bc5 3. Nf3 c6 4. c3 Qb6 5. b4 Bxf2+ 6. Kd2 Qe3+ 7. Kc2 Qb6 8.
Nxe5 c5 9. Ng4 cxb4 10. Nxf2 Qxf2+ 11. Kb3 a5 12. cxb4 a4+ 13. Kc3 Ra6 14. Na3
Qf6+ 15. d4 Rc6+ 16. Bc4 b5 17. Nxb5 Qe6 18. d5 Qe5+ 19. Nd4 1-0

[Event "patagônia"]
[Site "http://www.queenalice.com/game.php?id=277566"]
[Date "2007.9.27"]
[Round "-"]
[White "sapo_montanna"]
[Black "Pato"]
[Result "0-1"]
[WhiteElo "1395"]
[BlackElo "2036"]

1. e4 Nc6 2. Bc4 e6 3. Qf3 Ne5 4. Qc3 Nxc4 5. Qxc4 Nf6 6. e5 Nd5 7. b3 a5 8. a4
b6 9. f4 Ba6 10. Qd4 Bc5 11. Qe4 O-O 12. f5 Qg5 13. Nf3 Qxf5 14. Qh4 Qxc2 15.
Ng5 Qxc1# 0-1

[Event "Challenge"]
[Site "http://www.queenalice.com/game.php?id=277567"]
[Date "2007.9.27"]
[Round "-"]
[White "eldalai"]
[Black "sapo_montanna"]
[Result "1-0"]
[WhiteElo "1450"]
[BlackElo "1280"]

1. e4 e5 2. Nc3 Qf6 3. Nf3 Bc5 4. d3 h6 5. Nd5 Qg6 6. Nxc7+ Kd8 7. Nxa8 h5 8.
Nxe5 Qb6 9. Nxb6 axb6 10. Bg5+ f6 11. Nf7+ Ke7 12. Nxh8 Ke6 13. Bf4 Bb4+ 14. c3
Ba5 15. Qxh5 1-0

[Event "Challenge"]
[Site "http://www.queenalice.com/game.php?id=277569"]
[Date "2007.9.27"]
[Round "-"]
[White "eldalai"]
[Black "sapo_montanna"]
[Result "1-0"]
[WhiteElo "1440"]
[BlackElo "1290"]

1. d3 e6 2. e4 Qf6 3. d4 c5 4. Nf3 a5 5. dxc5 Bxc5 6. Nc3 Bd4 7. Nxd4 h5 8. Ncb5
Kd8 9. Nd6 e5 10. N4f5 g6 11. Bc4 Rh7 12. Bg5 Qxg5 13. O-O 1-0

[Event "MAIS UMA!!!!!!!!!!!!!!"]
[Site "http://www.queenalice.com/game.php?id=279377"]
[Date "2007.9.30"]
[Round "-"]
[White "hk1960"]
[Black "sapo_montanna"]
[Result "1-0"]
[WhiteElo "971"]
[BlackElo "1358"]

1. e4 e5 2. Bc4 Qf6 3. Qh5 g6 4. Qe2 a6 5. d3 Nh6 6. Be3 b5 7. Bd5 Bb4+ 8. Nd2
c6 9. Bb3 g5 10. Bxf7+ Kxf7 11. Nh3 g4 12. Ng5+ Kg6 13. Kf1 d5 14. Nb3 dxe4 15.
Nc5 1-0

[Event "Challenge"]
[Site "http://www.queenalice.com/game.php?id=280499"]
[Date "2007.10.3"]
[Round "-"]
[White "lezeu63"]
[Black "sapo_montanna"]
[Result "1-0"]
[WhiteElo "1626"]
[BlackElo "1309"]

1. e4 e5 2. Nf3 h6 3. Nxe5 Qf6 4. d4 c5 5. Bc4 cxd4 6. Qxd4 Qh4 7. Qd5 Qh5 8.
Nxf7 Qxd5 9. Bxd5 Rh7 10. Ne5 h5 11. Bxg8 Rh6 12. Bxh6 gxh6 13. Bf7+ Ke7 14.
Bxh5 Na6 15. O-O Nb4 16. Nc3 Nxc2 17. Rad1 d6 18. Nd5+ Ke6 19. f4 dxe5 20. Nc7+
Kf6 21. Nxa8 Ne3 22. fxe5+ Kxe5 23. Rxf8 Nxd1 24. Re8+ Be6 25. Bxd1 b5 26. Nc7
b4 27. Rxe6+ Kd4 28. Nb5+ Ke3 29. Nxa7 Kd2 30. Ba4 1-0

[Event "Challenge"]
[Site "http://www.queenalice.com/game.php?id=280500"]
[Date "2007.10.3"]
[Round "-"]
[White "sapo_montanna"]
[Black "lezeu63"]
[Result "0-1"]
[WhiteElo "1398"]
[BlackElo "1544"]

1. e4 e5 2. a4 Nf6 3. g4 Nxe4 4. Bc4 d5 5. Bb5+ c6 6. Bd3 Qf6 7. Nh3 Bc5 8. f3
Ng5 9. Nxg5 Qxg5 10. h4 Qf4 11. g5 Qg3+ 12. Ke2 Qf2# 0-1

[Event "Challenge"]
[Site "http://www.queenalice.com/game.php?id=280526"]
[Date "2007.10.3"]
[Round "-"]
[White "Admilton"]
[Black "sapo_montanna"]
[Result "1-0"]
[WhiteElo "1522"]
[BlackElo "1368"]

1. d4 e6 2. e4 Qf6 3. e5 Qf5 4. Bd3 Qxd3 5. Qxd3 Bb4+ 6. c3 Ba5 7. b4 Bb6 8. Nf3
h5 9. Nbd2 d5 10. O-O Nh6 11. Ng5 1-0

[Event "Challenge"]
[Site "http://www.queenalice.com/game.php?id=280547"]
[Date "2007.10.3"]
[Round "-"]
[White "sapo_montanna"]
[Black "lezeu63"]
[Result "0-1"]
[WhiteElo "1313"]
[BlackElo "1612"]

1. e4 e5 2. Bc4 Nf6 3. Qf3 Bc5 4. g4 h6 5. h4 Nc6 6. g5 Nd4 7. Qf5 Nxf5 8. g6
Nd6 9. gxf7+ Nxf7 10. f3 Bxg1 11. Rxg1 g5 12. hxg5 Nxg5 13. d3 Nxf3+ 14. Kf2
Nxg1 15. Kxg1 d5 16. exd5 Nxd5 17. Na3 Bf5 18. Nb5 Rg8+ 0-1

[Event "Challenge"]
[Site "http://www.queenalice.com/game.php?id=281158"]
[Date "2007.10.4"]
[Round "-"]
[White "sapo_montanna"]
[Black "bishopali"]
[Result "0-1"]
[WhiteElo "1386"]
[BlackElo "1394"]

1. e4 e5 2. Qf3 g6 3. Bc4 Nf6 4. g4 Be7 5. g5 c6 6. gxf6 Bxf6 7. a4 a5 8. Nh3
O-O 9. b3 d5 10. exd5 e4 0-1